000 00645nam a2200145 a 4500
008 120416s1970 ||||||||||||||||| || u
050 _aHG 173 Sha
100 _aSharpe, William F
245 1 0 _aPortfolio theory and capital markets
260 _aNew York
_bMcGraw-Hill
_c1970
300 _axvi, 316p. : ill.
350 _a0.00
995 _aMAIN LIBRARY OPEN ACCESS
_D0.00
_e708519
_FCBU-MAIN LIBRARY (Kitwe)
_H1
_I32.50
_jHG 173 Sha
_M1
_UAVAILABLE
_y007090
_ZMain Library Open Access Collection
995 _aMAIN LIBRARY OPEN ACCESS
_D0.00
_e706499
_FCBU-MAIN LIBRARY (Kitwe)
_H2
_I32.50
_jHG 173 Sha
_M1
_UAVAILABLE
_y007089
_ZMain Library Open Access Collection
999 _c82069
_d82069